000 00312nam a2200121 a 4500
005 20140414132112.0
008 110805s19uu xx 00 eng d
050 _aER
_bFr922 1970
100 _aLobel, Arnold
245 _aFrog and toad are friends.
260 _aNew York :
_bScholastic,
_c1970.
999 _c114799
_d114799